Desenvolvimiento capitalista, Crescimento urbano e urbanizacao na Guatemala, 1940-1984
Gespeichert in:
| 1. Verfasser: | |
|---|---|
| Format: | Text |
| Veröffentlicht: |
Sao Pablo:
Universidad de Sao Pablo
|
| Tags: |
Tag hinzufügen
Keine Tags, Fügen Sie den ersten Tag hinzu!
|
MARC
| LEADER | 00000 a a2200000 04500 | ||
|---|---|---|---|
| 001 | 23191 | ||
| 003 | |||
| 040 | |||
| 090 | |a 160300 | ||
| 100 | |a Velásquez Carrera, Eduaro Antonio | ||
| 245 | |a Desenvolvimiento capitalista, Crescimento urbano e urbanizacao na Guatemala, 1940-1984 | ||
| 260 | |a Sao Pablo: |b Universidad de Sao Pablo | ||
| 300 | |a 222 p. | ||
| 999 | |c 10475 |d 10475 | ||
